000 00750nam a22002297a 4500
005 20170124110155.0
010 _aB-126662
020 _c350.00
_a8120324544
035 _aB-126662
037 _bCen Lib/Ret
040 _aDPL
_bEN
082 _a621.38
_bANA
100 _aAnand, M.M.S.
_934747
245 _aElectronic instruments and instrumentation technology /
_cby M.M.S.Anand
260 _aNew Delhi
_bPrentice Hall of India
_c2004
270 _aM-97, Connaught Circus
_bNew Delhi
_e110001
300 _axvi,728p. :
_c24cm(pbk)
_bill.
500 _aIncludes bibliographical references and index
650 _aElectronic instruments
_934748
650 _aEngineering instruments
_934749
942 _2ddc
_cEN
_h621.38
_mANA
999 _c132455
_d132455